Detalles MARC
| 000 -CABECERA |
| campo de control de longitud fija |
02193nam a22002777a 4500 |
| 003 - IDENTIFICADOR DEL NÚMERO DE CONTROL |
| campo de control |
DO-SdBPM |
| 005 - FECHA Y HORA DE LA ÚLTIMA TRANSACCIÓN |
| campo de control |
20250903125440.0 |
| 007 - CAMPO FIJO DE DESCRIPCIÓN FÍSICA--INFORMACIÓN GENERAL |
| campo de control de longitud fija |
ta |
| 008 - DATOS DE LONGITUD FIJA--INFORMACIÓN GENERAL |
| campo de control de longitud fija |
210318b2015 dr ||| 00| 0 spa d |
| 020 ## - NÚMERO INTERNACIONAL ESTÁNDAR DEL LIBRO |
| Número Internacional Estándar del Libro |
9789945452815 |
| 040 ## - FUENTE DE LA CATALOGACIÓN |
| Centro catalogador/agencia de origen |
DO-SdBPM |
| Lengua de catalogación |
spa |
| Centro/agencia transcriptor |
BPMSU |
| Normas de descripción |
rda |
| 082 #4 - NÚMERO DE LA CLASIFICACIÓN DECIMAL DEWEY |
| Número de clasificación |
972.9304 |
| Número de documento/Ítem |
Z12p 2015 |
| Número de edición |
22 |
| 100 ## - ENTRADA PRINCIPAL--NOMBRE DE PERSONA |
| Nombre de persona |
Zabala Lorenzo, Roque |
| Fechas asociadas al nombre |
1954 - |
| 245 10 - MENCIÓN DE TÍTULO |
| Título |
Proclamas de independencia / |
| Mención de responsabilidad, etc. |
Roque Zabala Lorenzo |
| 264 ## - PRODUCCIÓN, PUBLICACIÓN, DISTRIBUCIÓN, FABRICACIÓN Y COPYRIGHT |
| Producción, publicación, distribución, fabricación y copyright |
Santo Domingo : |
| Nombre del de productor, editor, distribuidor, fabricante |
Librería la Trinitaria , |
| Fecha de producción, publicación, distribución, fabricación o copyright |
2015 |
| 300 ## - DESCRIPCIÓN FÍSICA |
| Extensión |
186 páginas : |
| Otras características físicas |
ilustración ; |
| Dimensiones |
21 cm. |
| 336 ## - TIPO DE CONTENIDO |
| Término de tipo de contenido |
texto |
| Código de tipo de contenido |
txt |
| Fuente |
rdacontent |
| 337 ## - TIPO DE MEDIO |
| Nombre/término del tipo de medio |
sin mediación |
| Código del tipo de medio |
n |
| Fuente |
rdamedia |
| 338 ## - TIPO DE SOPORTE |
| Nombre/término del tipo de soporte |
volumen |
| Código del tipo de soporte |
nc |
| Fuente |
rdacarrier |
| 500 ## - NOTA GENERAL |
| Nota general |
Incluye datos biográficos en la contraportada |
| 505 0# - NOTA DE CONTENIDO CON FORMATO |
| Nota de contenido con formato |
Introducción, 5.-- Recorrido histórico, 11.-- Documento mediante el cual la parte Este de la isla se convierte en colonia española. Declaración de Bondillo, 71.-- Documento del 1ro. de diciembre de 1821 sobre separación de la isla de la corona española - Independencia Efímera. Declaración de Independencia del pueblo dominicano, 73.-- Documento de Independencia de la parte Este de la isla de Santo Domingo de la República de Haití. Manifiesto de los pueblos de la parte Este de la isla antes Española o de Santo Domingo sobre las causas de su independencia de la República de Haití. 16 de enero de 1844, 87.-- Documento mediante el cual Santiago y la parte Norte del país desconocen el gobierno del la capital encabezado por Buenaventura Báez. Manifiesto de los pueblos del Cibao y de las causas que los han impulsado a reasumir sus derechos, 101.-- Documento en el cual se reúnen las fuerzas restauradoras en Santiago y eligen a José Antonio Salcedo como Presidente de la República. Acta de Independencia, Santiago 14 de septiembre del 1863, 107.-- Restauración. Anexos, 117.-- Acta Constitutiva del Gobierno Provisional del Estado independiente de la parte Española de Haití, 121.-- Constitución del 19 de Febrero de 1858, 133.-- Bibliografía, 185. |
| 590 ## - NOTA LOCAL (RLIN) |
| Nota local |
inventariado, 2025 /VM |
| 651 #7 - PUNTO DE ACCESO ADICIONAL DE MATERIA--NOMBRE GEOGRÁFICO |
| Nombre geográfico |
República Dominicana |
| Subdivisión general |
Historia |
| Subdivisión cronológica |
Independencia nacional 1844 |
| 910 ## - DATOS DE OPCIÓN DEL USUARIO (OCLC) |
| Datos de opción del usuario |
VMateo V. Control de calidad. BPMSU |
| 942 ## - ELEMENTOS DE PUNTO DE ACCESO ADICIONAL (KOHA) |
| Fuente del sistema de clasificación o colocación |
Dewey Decimal Classification |
| Tipo de ítem Koha |
Libros |